| 000 | 01086cam a2200313 i 4500 | ||
|---|---|---|---|
| 001 | 2952 | ||
| 005 | 20260123131517.0 | ||
| 020 | _a9780399255373 | ||
| 040 |
_aDLC _beng _cDLC _erda _dFISKH |
||
| 050 | 0 | 0 | _aPZ7.D3388 |
| 082 | 0 | 0 | _a813.6 |
| 100 | 1 | _aDaywalt, Drew | |
| 245 | 1 | 4 |
_aThe day the crayons quit / _cby Drew Daywalt ; pictures by Oliver Jeffers. |
| 250 | _aFirst published in paper back in 2014 | ||
| 260 |
_aNew York : _bHarperCollins , _c2013 |
||
| 300 |
_a31 unnumbered pages : _bcolor illustrations ; _c26 cm . |
||
| 490 | _a The Crayons (1) | ||
| 500 | _aCompanion book to: The day the crayons came home. | ||
| 505 | _aR | ||
| 520 | _aWhen Duncan arrives at school one morning, he finds a stack of letters, one from each of his crayons, complaining about how he uses them. | ||
| 521 |
_a730
_bLexile |
||
| 521 |
_aR
_bRaz-plus |
||
| 650 | 1 |
_aCrayons _vFiction. |
|
| 650 | 1 |
_aLetters _vFiction. |
|
| 650 | 1 |
_aColor _vFiction. |
|
| 700 | 1 |
_aJeffers, Oliver _eillustrator |
|
| 906 |
_a7 _bcbc _corignew _d1 _eecip _f20 _gy-gencatlg |
||
| 942 |
_2ddc _cBK _n0 |
||
| 999 |
_c2952 _d2952 |
||